000 00306nam a22001457a 4500
008 210305b ||||| |||| 00| 0 eng d
020 _a9780030946592
041 _aeng
080 _a541
082 _a541
100 _a12
101 _aKIM
245 _aThe Chemical World
_cKotz,C.J
942 _2udc
_cBK
999 _c55776
_d55776